00961nab a2200205 4500003001000000005001700010008004100027040001400068041000800082100005600090245010500146260003500251300001300286500026900299650002800568650001900596650001800615650002900633773009300662AR-RoBPED20260409092906.0260409b |||||||| |||| 00| 0 spa d aAR-RoBPED aspa1 aOrtega, Roxana eProfesora de Enseñanza Primaria 1 aEducadores y familias. bExpectativas y demandas cruzadas en escuelas públicas de nivel primario / aBuenos Aires :bNoveduc,c2025 a62-63 p. aLa relación entre docentes y familias es fundamental para el desarrollo y bienestar de los y las estudiantes. Sin embargo, esta relación no está exenta de tensiones y emergencias, que surgen a partir de las expectativas y demandas cruzadas de ambos actores.  7aRELACION DOCENTE-PADRES 7aNIVEL PRIMARIO 7aCOMUNICACION  7aRELACION ESCUELA-FAMILIA0 020414dBuenos Aires : Noveduc, 1993-tNovedades Educativasw(AR-RoBPED)20414x03283534